Multiple Choice City Quiz – Geneva - Statistics

General Stats
  • This quiz has been taken 10,805 times
    10,735 since last reset
  • The average score is 7 of 10
Answer Stats
Question Answer % Correct
Which product is Geneva particularly known for? Watches
94%
What happens at CERN, on the outskirts of Geneva? High energy physics experiments
90%
What is the primary language spoken in Geneva? French
86%
What did the Geneva Conventions do? Create rules protecting soldiers in war
84%
Which of these organizations is based in Geneva? Red Cross
67%
What philosopher, born in Geneva in 1712, wrote The Social Contract? Jean-Jacques Rousseau
63%
What river flows out of Lake Geneva through the city? Rhône
60%
Which novel was conceived in Geneva during a ghost story contest in 1816? Frankenstein
54%
What religious reformer was active in Geneva during the 16th century? John Calvin
54%
What is another name for the Lake Geneva? Lake Leman
38%
No matching quizzes found
Score Distribution
Percent of People with Each Score
Percentile by Number Answered
Your Score History
You have not taken this quiz since the last reset